00361nam a22001337a 450000500170000002000180001710000200003524500370005526000320009230000120012449000510013665000220018765000180020920260207153930.0 a9783031791710 aWillms, Allan R aFirst course in complex analysis aSwitzerlandbSpringerc2022 axix+217 aSynthesis lectures on mathematics & statistics aAnalytic function aCauchy theory